Taylor Swift songs by letter - T - Statistics

General Stats
  • This quiz has been taken 35 times
    4 since last reset
  • The average score is 30 of 39
Answer Stats
Answer % Correct
Tell Me Why
100%
The Albatross
100%
The Alchemy
100%
The Archer
100%
The Best Day
100%
The Bolter
100%
The Fate of Ophelia
100%
the last great american dynasty
100%
The Last Time
100%
The Man
100%
The Manuscript
100%
The Moment I Knew
100%
The Prophecy
100%
The Smallest Man Who Ever Lived
100%
The Story Of Us
100%
The Way I Loved You
100%
this is me trying
100%
This Love
100%
Treacherous
100%
Teardrops On My Guitar
67%
thanK you aIMee
67%
That's When
67%
The Black Dog
67%
The Great War
67%
the lakes
67%
The Lucky One
67%
The Outside
67%
The Very First Night
67%
This Is Why We Can’t Have Nice Things
67%
Timeless
67%
Tim McGraw
67%
'tis the damn season
67%
tolerate it
67%
the 1
33%
The Life of a Showgirl
33%
The Other Side Of The Door
33%
The Tortured Poets Department
33%
Tied Together With A Smile
33%
Today Was A Fairytale
33%
No matching quizzes found
Score Distribution
Percent of People with Each Score
Percentile by Number Answered
Your Score History
You have not taken this quiz since the last reset